| 000 | 00479cam a2200193ua 4500 | ||
|---|---|---|---|
| 001 | 10881 | ||
| 005 | 20260515114654.0 | ||
| 008 | 190503n ii |||gr||||Z||||||eng | ||
| 020 | _a8179101649 | ||
| 040 | _cMAIN | ||
| 082 | _a305.4 | ||
| 100 |
_aM Chatterjee, _eAuthor. |
||
| 245 |
_aViolence against women _cBy M Chatterjee |
||
| 250 | _a1st ed. | ||
| 260 |
_aJaipur: _bAavishkar publishers, distributors, _c2006. |
||
| 300 | _a264p. | ||
| 653 | _aSocial groups | ||
| 942 | _cBK | ||
| 999 |
_c9827 _d9827 |
||